000 00663nam a2200217Ii 4500
003 JO-AjNU
008 230605s9999||||xx |||||||||||||| ||und||
020 _a9953-32-007-1
040 _aJO-AjNU
_bara
_erda
_cJO-AjNU
041 _aara
050 1 4 _aPJ6131.H352 2007
100 3 _aتأليف الحملاوي، أحمد,
_eauthor
_926300
245 0 0 _aشذا العرف في فن الصرف
250 _aط1
264 3 1 _aدمشق: مؤسسة الرسالة، 2007
300 _a146ص
336 _atext
_btxt
_2rdacontent
337 _aunmediated
_bn
_2rdamedia
338 _avolume
_bnc
_2rdacarrier
650 4 _aاللغة العربية - صرف
_926301
999 _aA9948
_c13516
_d13516